Mystery XI #20 - Statistics

General Stats
  • This quiz has been taken 119 times
  • The average score is 9 of 11
Answer Stats
Answer % Correct
Dries Mertens
96%
Kalidou Koulibaly
96%
Alex Meret
84%
Fabian Ruiz
84%
Hirving Lozano
83%
Konstantinos Manolas
83%
Mario Rui
82%
Jose Callejon
72%
Giovanni Di Lorenzo
71%
Allan
68%
Lorenzo Insigne
62%
No matching quizzes found
Score Distribution
Percent of People with Each Score
Percentile by Number Answered
Your Score History
You have not taken this quiz